Masonic US Presidents Quiz Stats

Quiz not verified by Sporcle

Also try: 'A' in History
Challenge
Share
Tweet
Embed
Score 0/14 Timer 03:00
0 Plays Today
% Correct
George Washington
98.7%
Theodore Roosevelt
79.7%
Franklin Roosevelt
79.2%
James Monroe
74.8%
Andrew Jackson
74.8%
Gerald Ford
72.5%
Harry Truman
71.7%
% Correct
Andrew Johnson
70.1%
William Howard Taft
68.1%
James K. Polk
63.6%
William McKinley
59.6%
Warren Harding
59.2%
James Garfield
56.3%
James Buchanan
54.5%

You're not logged in!

Compare scores with friends on all Sporcle quizzes.
Sign Up with Email
OR
Log In

You Might Also Like...

Show Comments

Extras

Top Quizzes Today


Score Distribution

Your Account Isn't Verified!

In order to create a playlist on Sporcle, you need to verify the email address you used during registration. Go to your Sporcle Settings to finish the process.